Guess the College Basketball player by picture - 2001 - Statistics

General Stats
  • This quiz has been taken 7 times
  • The average score is 5 of 16
Answer Stats
Picture Answer % Correct
Robert Traylor
100%
Chris Duhon
50%
Drew Gooden
50%
Juan Dixon
50%
Kirk Hinrich
50%
Gerald Wallace
33%
Joseph Forte
33%
Jamaal Tinsley
17%
Jason Collier
17%
Lonny Baxter
17%
Melvin Ely
17%
Michael Wright
17%
Reece Gaines
17%
Samaki Walker
17%
Steve Logan
17%
Troy Murphy
17%
No matching quizzes found
Score Distribution
Percent of People with Each Score
Percentile by Number Answered
Your Score History
You have not taken this quiz